Religion and economics (Record no. 214411)

MARC details
000 -LEADER
fixed length control field 00549nam a2200169Ia 4500
008 - FIXED-LENGTH DATA ELEMENTS--GENERAL INFORMATION
fixed length control field 210719s1996 xx 000 0 und d
041 ## - LANGUAGE CODE
Language code of text/sound track or separate title eng
082 ## - DEWEY DECIMAL CLASSIFICATION NUMBER
Classification number 330.155 PALR
100 ## - MAIN ENTRY--PERSONAL NAME
Personal name PALACKAPILLY (George);FELIX (T D)
245 ## - TITLE STATEMENT
Title Religion and economics
Remainder of title worldview
260 ## - PUBLICATION, DISTRIBUTION, ETC.
Place of publication, distribution, etc. New Delhi
Name of publisher, distributor, etc. AIDBES
Date of publication, distribution, etc. 1996
300 ## - PHYSICAL DESCRIPTION
Extent 150
Other physical details PB
365 ## - TRADE PRICE
Price amount 90
Currency code Rs
650 ## - SUBJECT ADDED ENTRY--TOPICAL TERM
Topical term or geographic name entry element Economic Thought
650 ## - SUBJECT ADDED ENTRY--TOPICAL TERM
Topical term or geographic name entry element Economics
906 ## - LOCAL DATA ELEMENT F, LDF (RLIN)
a and ; Buddhist ; Catholic ; Chinese ; Christian ; economics ; Greek ; Hebrew ; Hindu ; Japanese ; Muslim ; Religion ; worldview
Holdings
Withdrawn status Lost status Damaged status Not for loan Collection code Home library Current library Date acquired Source of acquisition Cost, normal purchase price Total Checkouts Full call number Barcode Date last seen Date last checked out Price effective from Koha item type
          St Aloysius Library St Aloysius Library 09/11/2007 General Annual 90.00 1 330.155 PALR D03023 07/22/2022 09/20/2021 07/19/2021 Donated Books